[Event "Toronto-ch Seniors Reserves"]
[Site "Toronto CAN"]
[Date "2023.11.23"]
[Round "6.1"]
[White "Parakin, Don"]
[Black "Garel, Richard"]
[Result "0-1"]
[WhiteElo "1345"]
[BlackElo "1492"]
[PlyCount "86"]
[EventDate "2023.10.19"]
[EventType "tourn"]
[EventRounds "7"]
[EventCountry "CAN"]

1. d4 Nf6 2. Nf3 e6 3. e3 c5 4. Bd3 Nc6 5. b3 cxd4 6. exd4 Nb4 7. Be2 Qc7 8. c3
Nbd5 9. Bb2 Nf4 10. Bf1 Qc6 11. Nbd2 Be7 12. g3 Ng6 13. Bg2 d5 14. O-O b6 15.
Rc1 Ba6 16. Re1 Rc8 17. Ne5 Nxe5 18. dxe5 Nd7 19. Qg4 Kf8 20. c4 h5 21. Qf3 Qa8
22. cxd5 Rxc1 23. Rxc1 Bb7 24. Qc3 Nc5 25. Qc2 exd5 26. b4 Ne6 27. a3 h4 28.
Nf3 hxg3 29. fxg3 g6 30. Nd4 Bg5 31. Nxe6+ fxe6 32. Rf1+ Kg7 33. Qc7+ Kh6 34.
h4 Be3+ 35. Kh2 Qc8 36. Qf7 Rh7 37. Qf6 Ba6 38. Rf3 d4 39. g4 Rg7 40. g5+ Kh7
41. h5 gxh5 42. Qh6+ Kg8 43. Qxh5 Rh7 0-1

[Event "Transnational Rapid"]
[Site "Toronto CAN"]
[Date "2023.06.03"]
[Round "1.1"]
[White "Bareev, Evgeny"]
[Black "Posthuma, Joshua"]
[Result "0-1"]
[WhiteElo "2631"]
[BlackElo "2457"]
[PlyCount "69"]
[EventDate "2023.06.03"]
[EventType "swiss (rapid)"]
[EventRounds "11"]
[EventCountry "CAN"]
[Source "Mark Crowther"]
[SourceDate "2023.06.12"]

1. d4 Nf6 2. c4 a6 3. Qc2 b5 4. e4 bxc4 5. Bxc4 e6 6. Nc3 d5 7. exd5 exd5 8.
Be2 Be7 9. Nf3 O-O 10. O-O Nc6 11. a3 Bg4 12. Be3 Na5 13. Rac1 Rb8 14. b4 Bxf3
15. Bxf3 Nc4 16. Nxd5 Nxa3 17. Nxe7+ Qxe7 18. Qxc7 Qxb4 19. d5 Nb5 20. Qe5 Rfe8
21. Qa1 Qa3 22. Qxa3 Nxa3 23. Rc6 a5 24. Rfc1 Nb5 25. Ra1 h6 26. h3 Red8 27.
Rc5 Nd7 28. Rcc1 Ne5 29. Be2 Rxd5 30. Rcb1 Rb7 31. Kh2 Nd6 32. Rc1 Rd7 33. Ra4
Nf5 34. Bb6 Rb7 35. Ra3 0-1

[Event "Transnational Rapid"]
[Site "Toronto CAN"]
[Date "2023.06.03"]
[Round "1.2"]
[White "Szabo, G ROM."]
[Black "Lenderman, A."]
[Result "1-0"]
[WhiteElo "2504"]
[BlackElo "2566"]
[PlyCount "99"]
[EventDate "2023.06.03"]
[EventType "swiss (rapid)"]
[EventRounds "11"]
[EventCountry "CAN"]
[Source "Mark Crowther"]
[SourceDate "2023.06.12"]

1. e4 c5 2. c3 Nf6 3. e5 Nd5 4. Nf3 Nc6 5. d4 cxd4 6. Bc4 Nb6 7. Bb3 d5 8. exd6
Qxd6 9. O-O Be6 10. Na3 a6 11. Bxe6 Qxe6 12. Nxd4 Nxd4 13. Qxd4 Rd8 14. Qh4 h5
15. h3 f6 16. Be3 Nd5 17. Rfe1 g5 18. Qc4 Qc6 19. Qxc6+ bxc6 20. Nc4 e5 21.
Rad1 Rh7 22. Rd2 Rhd7 23. Red1 Nxe3 24. fxe3 Rxd2 25. Rxd2 Rxd2 26. Nxd2 g4 27.
hxg4 hxg4 28. e4 Kf7 29. Nc4 Bc5+ 30. Kf1 Ke6 31. Ke2 f5 32. exf5+ Kxf5 33. Na5
Kf4 34. Nxc6 e4 35. b4 Bb6 36. a4 Kg3 37. a5 Bc7 38. b5 axb5 39. a6 Bb6 40. a7
Bxa7 41. Nxa7 Kxg2 42. Nxb5 g3 43. Nd4 Kh3 44. Ke3 g2 45. Ne2 Kg4 46. Kxe4 Kg5
47. Kf3 Kf5 48. Kxg2 Ke4 49. Kf2 Kd3 50. Kf3 1-0

[Event "Transnational Rapid"]
[Site "Toronto CAN"]
[Date "2023.06.03"]
[Round "1.3"]
[White "Kantans, T."]
[Black "Moradiabadi, E."]
[Result "1-0"]
[WhiteElo "2486"]
[BlackElo "2520"]
[PlyCount "91"]
[EventDate "2023.06.03"]
[EventType "swiss (rapid)"]
[EventRounds "11"]
[EventCountry "CAN"]
[Source "Mark Crowther"]
[SourceDate "2023.06.12"]

1. e4 c5 2. Nf3 d6 3. Bb5+ Nd7 4. a4 Ngf6 5. Nc3 e6 6. O-O Be7 7. e5 dxe5 8.
Nxe5 a6 9. Bxd7+ Nxd7 10. Nc4 O-O 11. a5 b5 12. axb6 Nxb6 13. Qf3 Bd7 14. d3
Nxc4 15. dxc4 Qb6 16. b3 Bf6 17. Bb2 Bc6 18. Qg3 Qb8 19. Qxb8 Rfxb8 20. Ra5 Bd4
21. Rfa1 Rd8 22. Kf1 Bb7 23. Na4 Bxb2 24. Nxb2 Be4 25. Rxa6 Rxa6 26. Rxa6 Bxc2
27. Rb6 g5 28. Ke2 g4 29. Na4 Bd3+ 30. Ke3 Bf1 31. Nxc5 Bxg2 32. Nd3 Kg7 33.
Nf4 Bh1 34. b4 Kf6 35. Ra6 Rc8 36. c5 Bc6 37. Rb6 Ke5 38. Nd3+ Kd5 39. b5 Be8
40. Rd6+ Kc4 41. b6 Kb5 42. b7 Rb8 43. Rb6+ Kc4 44. c6 Bxc6 45. Rxc6+ Kd5 46.
Nb4+ 1-0

[Event "Transnational Rapid"]
[Site "Toronto CAN"]
[Date "2023.06.03"]
[Round "1.4"]
[White "Ortiz Suarez, I."]
[Black "Msellek, I."]
[Result "1/2-1/2"]
[WhiteElo "2503"]
[BlackElo "2405"]
[PlyCount "71"]
[EventDate "2023.06.03"]
[EventType "swiss (rapid)"]
[EventRounds "11"]
[EventCountry "CAN"]
[Source "Mark Crowther"]
[SourceDate "2023.06.12"]

1. Nf3 d5 2. c4 e6 3. g3 Nf6 4. d4 Be7 5. Bg2 O-O 6. O-O a5 7. Nc3 c6 8. Nd2 b5
9. cxb5 cxb5 10. Nxb5 Qb6 11. a4 Nc6 12. Nb1 Ba6 13. N1c3 Na7 14. Bf4 Rfc8 15.
Rc1 Nxb5 16. axb5 Bxb5 17. Qb3 Bb4 18. Nxb5 Qxb5 19. Bf3 Rc4 20. Qxc4 dxc4 21.
Bxa8 Nd5 22. Rc2 Qa6 23. Bxd5 exd5 24. Rfc1 h5 25. e4 dxe4 26. Rxc4 h4 27. d5
h3 28. d6 Bxd6 29. Rc6 Qe2 30. Rxd6 Qf3 31. Kf1 Qh1+ 32. Ke2 Qf3+ 33. Ke1 Qh1+
34. Ke2 Qf3+ 35. Ke1 Qh1+ 36. Ke2 1/2-1/2

[Event "Transnational Rapid"]
[Site "Toronto CAN"]
[Date "2023.06.03"]
[Round "1.6"]
[White "Sai, KG."]
[Black "Neiksans, A."]
[Result "1-0"]
[WhiteElo "2376"]
[BlackElo "2605"]
[PlyCount "93"]
[EventDate "2023.06.03"]
[EventType "swiss (rapid)"]
[EventRounds "11"]
[EventCountry "CAN"]
[Source "Mark Crowther"]
[SourceDate "2023.06.12"]

1. e4 c5 2. Nf3 e6 3. d4 cxd4 4. Nxd4 a6 5. Bd3 Bc5 6. Nb3 Ba7 7. Qg4 Nf6 8.
Qg3 d6 9. Nc3 Nc6 10. O-O O-O 11. Kh1 Kh8 12. Bg5 h6 13. Qh4 Kg8 14. Bd2 Ne5
15. f4 Nxd3 16. cxd3 Bd7 17. Rf3 Kh8 18. f5 exf5 19. Bg5 Kg8 20. Rh3 f4 21. Nd5
Ng4 22. Bxd8 Nf2+ 23. Qxf2 Bxf2 24. Rf3 Ba7 25. Bb6 f5 26. Rxf4 fxe4 27. Ne7+
Kh7 28. Rxf8 Rxf8 29. Bxa7 exd3 30. Rd1 Re8 31. Re1 Bg4 32. Kg1 a5 33. h3 Bh5
34. Kf2 a4 35. Nd2 a3 36. bxa3 Ra8 37. Bd4 Rxa3 38. Rb1 Rxa2 39. Ke3 Ra5 40.
Rb2 b6 41. Rxb6 Rd5 42. Rb7 Rg5 43. g4 Bxg4 44. hxg4 Rxg4 45. Nf5 Kg6 46. Nxd6
Kh5 47. Bxg7 1-0

[Event "Transnational Rapid"]
[Site "Toronto CAN"]
[Date "2023.06.03"]
[Round "2.2"]
[White "Posthuma, Joshua"]
[Black "Bartel, Mat"]
[Result "1/2-1/2"]
[WhiteElo "2457"]
[BlackElo "2609"]
[PlyCount "71"]
[EventDate "2023.06.03"]
[EventType "swiss (rapid)"]
[EventRounds "11"]
[EventCountry "CAN"]
[Source "Mark Crowther"]
[SourceDate "2023.06.12"]

1. d4 d5 2. c4 e6 3. g3 dxc4 4. Bg2 c6 5. Nc3 Nf6 6. Nf3 b5 7. Ne5 a6 8. a4 Bb7
9. axb5 axb5 10. Rxa8 Bxa8 11. O-O Nd5 12. Bxd5 cxd5 13. Nxb5 Qa5 14. Nc3 Nc6
15. Bf4 f6 16. Nxc6 Bxc6 17. Qa1 Qb6 18. Na4 Qb4 19. Nc5 Bxc5 20. dxc5 Qxc5 21.
b3 O-O 22. bxc4 dxc4 23. Rd1 Ra8 24. Qc3 Bd5 25. Be3 Qa3 26. Bd4 Qa2 27. Kf1
Qb3 28. Ra1 Rxa1+ 29. Qxa1 e5 30. Bc3 Qc2 31. f3 e4 32. Qa5 Qd1+ 33. Kf2 exf3
34. Qd8+ Kf7 35. Qd7+ Kg6 36. Qg4+ 1/2-1/2

[Event "Transnational Rapid"]
[Site "Toronto CAN"]
[Date "2023.06.03"]
[Round "2.3"]
[White "Szabo, G ROM."]
[Black "Meshkovs, Nikita"]
[Result "1-0"]
[WhiteElo "2504"]
[BlackElo "2573"]
[PlyCount "87"]
[EventDate "2023.06.03"]
[EventType "swiss (rapid)"]
[EventRounds "11"]
[EventCountry "CAN"]
[Source "Mark Crowther"]
[SourceDate "2023.06.12"]

1. e4 c5 2. c3 Nf6 3. e5 Nd5 4. Nf3 Nc6 5. d4 cxd4 6. Bc4 Nb6 7. Bb3 d5 8. exd6
Qxd6 9. O-O Be6 10. Na3 Bxb3 11. Qxb3 Qd5 12. Nb5 Rc8 13. Nbxd4 Nxd4 14. Nxd4
Qxb3 15. axb3 a6 16. Re1 e6 17. Nxe6 fxe6 18. Rxe6+ Kf7 19. Rxb6 Rc7 20. Bf4
Rd7 21. b4 Be7 22. Re1 Rhd8 23. Rbe6 Bf6 24. Kf1 Rd5 25. R6e4 Rb5 26. Ra1 Rbd5
27. Ke2 R8d7 28. g4 Bd8 29. Be3 Bf6 30. h3 h6 31. f4 R7d6 32. Rc1 Rd7 33. Rg1
g6 34. Ra1 R7d6 35. Rf1 Rd8 36. f5 g5 37. Re6 R8d7 38. h4 gxh4 39. Bxh6 a5 40.
g5 Rd2+ 41. Ke3 Be7 42. g6+ Kg8 43. f6 R2d3+ 44. Ke4 1-0

[Event "Transnational Rapid"]
[Site "Toronto CAN"]
[Date "2023.06.03"]
[Round "2.4"]
[White "Kantans, T."]
[Black "Matviishen, Viktor"]
[Result "1/2-1/2"]
[WhiteElo "2486"]
[BlackElo "2538"]
[PlyCount "116"]
[EventDate "2023.06.03"]
[EventType "swiss (rapid)"]
[EventRounds "11"]
[EventCountry "CAN"]
[Source "Mark Crowther"]
[SourceDate "2023.06.12"]

1. e4 c5 2. Nf3 d6 3. Bb5+ Bd7 4. a4 Nf6 5. Qe2 Nc6 6. O-O e6 7. d3 Be7 8. Bf4
O-O 9. h3 Rc8 10. Nbd2 Nd4 11. Nxd4 cxd4 12. Bc4 e5 13. Bg5 Be6 14. f4 exf4 15.
Bxf4 d5 16. Bb3 dxe4 17. Bxe6 fxe6 18. Nxe4 Nd5 19. Bd2 Rxc2 20. Qg4 Rc6 21.
Bh6 Rxf1+ 22. Rxf1 Bf8 23. Bg5 Qe8 24. Ng3 Qg6 25. Qf3 Rc8 26. h4 h6 27. Bd2
Ne3 28. Bxe3 dxe3 29. Ne4 Be7 30. Qxe3 Bxh4 31. Rc1 Rxc1+ 32. Qxc1 Qf7 33. b4
Kh7 34. b5 Bd8 35. Qd1 Bb6+ 36. Kh1 Qf4 37. g3 Qe3 38. Kg2 Qd4 39. Kh3 g6 40.
Qf3 Kg7 41. Nd2 Qd5 42. Ne4 Bd4 43. Qf4 Qf5+ 44. Kg2 Be5 45. Qc1 Qf7 46. Qc5
Bb8 47. Qd4+ e5 48. Qd8 Bc7 49. Qc8 Bb6 50. Qc3 Bd4 51. Qc8 b6 52. Qd8 h5 53.
Qd6 g5 54. Qd8 g4 55. Qg5+ Kf8 56. Qd8+ Kg7 57. Qg5+ Kf8 58. Qd8+ Kg7 1/2-1/2

[Event "Transnational Rapid"]
[Site "Toronto CAN"]
[Date "2023.06.03"]
[Round "2.6"]
[White "Cruz, Cr"]
[Black "Sai, KG."]
[Result "1-0"]
[WhiteElo "2522"]
[BlackElo "2376"]
[PlyCount "77"]
[EventDate "2023.06.03"]
[EventType "swiss (rapid)"]
[EventRounds "11"]
[EventCountry "CAN"]
[Source "Mark Crowther"]
[SourceDate "2023.06.12"]

1. d4 Nf6 2. c4 g6 3. Nc3 Bg7 4. e4 d6 5. Nf3 O-O 6. Be2 e5 7. O-O Nc6 8. d5
Ne7 9. Be3 Ng4 10. Bd2 f5 11. a4 Nf6 12. a5 h6 13. exf5 gxf5 14. c5 e4 15. cxd6
Qxd6 16. Nd4 Nfxd5 17. Ndb5 Qd8 18. Nxd5 Nxd5 19. Qb3 Kh7 20. Bc4 c6 21. Nc3
Be6 22. Qxb7 Qd6 23. Nxd5 cxd5 24. Bc3 d4 25. Bxe6 dxc3 26. Bxf5+ Rxf5 27. Qxa8
cxb2 28. Rad1 Qb4 29. Qxa7 Rxa5 30. Qf7 Qc3 31. Rd8 Qe5 32. Qg8+ Kg6 33. Re8
Qd4 34. Re6+ Kf5 35. Qf7+ Bf6 36. g4+ Kg5 37. Rxf6 e3 38. Qg7+ Kh4 39. Rxh6+
1-0

[Event "Transnational Rapid"]
[Site "Toronto CAN"]
[Date "2023.06.03"]
[Round "2.7"]
[White "Sambuev, Bator"]
[Black "Burtasova, A."]
[Result "1-0"]
[WhiteElo "2448"]
[BlackElo "2241"]
[PlyCount "79"]
[EventDate "2023.06.03"]
[EventType "swiss (rapid)"]
[EventRounds "11"]
[EventCountry "CAN"]
[Source "Mark Crowther"]
[SourceDate "2023.06.12"]

1. d4 c5 2. e3 e6 3. c4 Nf6 4. Nc3 d5 5. Nf3 Nc6 6. a3 a6 7. dxc5 Bxc5 8. b4
Ba7 9. Bb2 d4 10. exd4 Nxd4 11. c5 Nxf3+ 12. Qxf3 Qc7 13. O-O-O Bd7 14. Ne4
Nxe4 15. Qxe4 O-O-O 16. Be5 Bc6 17. Rxd8+ Qxd8 18. Qxc6+ bxc6 19. Bxa6+ Kd7 20.
Rd1+ Ke7 21. Rxd8 Rxd8 22. Bb7 f6 23. Bg3 Kd7 24. b5 e5 25. b6 Bxb6 26. cxb6
Rb8 27. Ba6 Rxb6 28. Bc4 Rb7 29. f3 Ra7 30. Kb2 Kd6 31. Bf2 Ra8 32. Bb3 f5 33.
a4 g5 34. Bb6 e4 35. fxe4 fxe4 36. a5 c5 37. Kc3 Kc6 38. Kc4 e3 39. Kd3 Rd8+
40. Ke4 1-0

[Event "Transnational Rapid"]
[Site "Toronto CAN"]
[Date "2023.06.03"]
[Round "2.8"]
[White "Liang, Awonder"]
[Black "Ortiz Suarez, I."]
[Result "1-0"]
[WhiteElo "2651"]
[BlackElo "2503"]
[PlyCount "48"]
[EventDate "2023.06.03"]
[EventType "swiss (rapid)"]
[EventRounds "11"]
[EventCountry "CAN"]
[Source "Mark Crowther"]
[SourceDate "2023.06.12"]

1. e4 c5 2. Nf3 d6 3. Bb5+ Bd7 4. Bxd7+ Nxd7 5. O-O Ngf6 6. Re1 g6 7. b3 Bg7 8.
Bb2 O-O 9. c4 e5 10. Nc3 a6 11. d3 Nh5 12. Nd5 f5 13. exf5 Ndf6 14. fxg6 Nxd5
15. gxh7+ Kh8 16. cxd5 Nf4 17. Re4 Qf6 18. Bc1 Nxd5 19. Bd2 Qf5 20. Qe2 Nf6 21.
Rh4 Rae8 22. Re1 d5 23. Rh3 Nd7 24. Nh4 Rf6 1-0

[Event "Transnational Rapid"]
[Site "Toronto CAN"]
[Date "2023.06.03"]
[Round "3.2"]
[White "Cruz, Cr"]
[Black "Szabo, G ROM."]
[Result "1-0"]
[WhiteElo "2522"]
[BlackElo "2504"]
[PlyCount "89"]
[EventDate "2023.06.03"]
[EventType "swiss (rapid)"]
[EventRounds "11"]
[EventCountry "CAN"]
[Source "Mark Crowther"]
[SourceDate "2023.06.12"]

1. d4 Nf6 2. c4 e6 3. g3 c5 4. Nf3 cxd4 5. Nxd4 d5 6. Bg2 e5 7. Nf3 d4 8. O-O
Nc6 9. e3 Be7 10. exd4 exd4 11. Nbd2 O-O 12. Nb3 d3 13. Be3 Bg4 14. h3 Bxf3 15.
Qxf3 Qd7 16. Rad1 Rfd8 17. Bg5 Rab8 18. Rfe1 h6 19. Bf4 Rbc8 20. Re3 Qf5 21. g4
Qg6 22. Rexd3 Rxd3 23. Qxd3 Rd8 24. Qe2 Rxd1+ 25. Qxd1 h5 26. g5 Ne4 27. h4 Qf5
28. Be3 Ne5 29. Nd4 Qg6 30. Qc2 Nc5 31. Qxg6 fxg6 32. b4 Ncd3 33. a3 a5 34.
Bxb7 axb4 35. a4 Nb2 36. a5 Nbxc4 37. a6 Bc5 38. Bd5+ Kh7 39. Bxc4 Nxc4 40. Nb3
Bxe3 41. fxe3 Kg8 42. Kf2 Kf7 43. Ke2 Ke6 44. Kd3 Nb6 45. Kd4 1-0

[Event "Transnational Rapid"]
[Site "Toronto CAN"]
[Date "2023.06.03"]
[Round "3.3"]
[White "Bruzon Batista, L."]
[Black "Posthuma, Joshua"]
[Result "1-0"]
[WhiteElo "2617"]
[BlackElo "2457"]
[PlyCount "61"]
[EventDate "2023.06.03"]
[EventType "swiss (rapid)"]
[EventRounds "11"]
[EventCountry "CAN"]
[Source "Mark Crowther"]
[SourceDate "2023.06.12"]

1. e4 c6 2. Nf3 d5 3. e5 c5 4. d4 Nc6 5. dxc5 Bg4 6. Be3 e6 7. c3 a6 8. Nbd2
Nxe5 9. Be2 Nc6 10. O-O Be7 11. b4 Bf6 12. Rc1 Nge7 13. h3 Bxf3 14. Nxf3 O-O
15. a3 e5 16. Qb3 Qc7 17. Rfd1 Rad8 18. a4 d4 19. cxd4 Nxd4 20. Bxd4 exd4 21.
Bf1 Qf4 22. g3 Qh6 23. Bg2 Rfe8 24. Ne1 Rd7 25. b5 axb5 26. axb5 Rc8 27. Nd3
Qh5 28. h4 Rdc7 29. b6 Rd7 30. Bh3 Nf5 31. Nf4 1-0

[Event "Transnational Rapid"]
[Site "Toronto CAN"]
[Date "2023.06.03"]
[Round "3.4"]
[White "Bartel, Mat"]
[Black "Kantans, T."]
[Result "1/2-1/2"]
[WhiteElo "2609"]
[BlackElo "2486"]
[PlyCount "74"]
[EventDate "2023.06.03"]
[EventType "swiss (rapid)"]
[EventRounds "11"]
[EventCountry "CAN"]
[Source "Mark Crowther"]
[SourceDate "2023.06.12"]

1. e4 c5 2. Nf3 Nf6 3. Nc3 Nc6 4. Bb5 Qc7 5. O-O Nd4 6. Re1 a6 7. Bf1 d6 8.
Nxd4 cxd4 9. Nd5 Nxd5 10. exd5 g6 11. c4 Bg7 12. a4 a5 13. d3 O-O 14. Bg5 e5
15. dxe6 fxe6 16. Be2 Bd7 17. Bg4 Rae8 18. Qd2 Rf7 19. Re2 e5 20. Bxd7 Qxd7 21.
f3 b6 22. Bh4 Bf6 23. Bxf6 Rxf6 24. b4 Ra8 25. bxa5 Rxa5 26. Qb4 Qc6 27. Rb1
Rxa4 28. Qxb6 Qxb6 29. Rxb6 Kg7 30. Kf2 Ra3 31. Rd2 g5 32. Ke2 h5 33. Rdb2 g4
34. R6b3 Ra1 35. Rb1 Ra2+ 36. R1b2 Ra1 37. Rb1 Ra2+ 1/2-1/2

[Event "Transnational Rapid"]
[Site "Toronto CAN"]
[Date "2023.06.03"]
[Round "3.6"]
[White "Reprintsev, A."]
[Black "Liang, Awonder"]
[Result "0-1"]
[WhiteElo "2238"]
[BlackElo "2651"]
[PlyCount "100"]
[EventDate "2023.06.03"]
[EventType "swiss (rapid)"]
[EventRounds "11"]
[EventCountry "CAN"]
[Source "Mark Crowther"]
[SourceDate "2023.06.12"]

1. e4 e6 2. d4 d5 3. Nc3 Bb4 4. Nge2 Nf6 5. e5 Nfd7 6. a3 Be7 7. Be3 b6 8. g3
h5 9. h4 c5 10. Bh3 cxd4 11. Bxd4 Nc6 12. f4 g6 13. b4 Bb7 14. O-O a5 15. b5
Nxd4 16. Nxd4 Qc7 17. Nce2 Nc5 18. Kh2 O-O-O 19. Rf3 Kb8 20. Rc3 Qd7 21. Nc6+
Bxc6 22. bxc6 Qxc6 23. Rb1 Ka8 24. Nd4 Qb7 25. Bf1 Rc8 26. Bb5 Rc7 27. Qe2 Rhc8
28. Re3 Rd8 29. Rc3 Ka7 30. Bd3 Kb8 31. Bb5 Rdc8 32. Re3 Qa8 33. Rb2 Ne4 34.
Ba6 Bc5 35. c3 Rd8 36. Bb5 Ka7 37. Rb3 Rdc8 38. Rd3 Bxd4 39. Rxd4 Nxc3 40. Qf1
Nxb5 41. Qxb5 Rc2+ 42. Kh3 Qc6 43. Qd3 Rc3 44. Qd1 Rc1 45. Qd3 Qc2 46. Qf3 Rc3
47. Rxc3 Qxc3 48. Qf2 Rc2 49. Qg1 Qf3 50. Rd1 Qg4# 0-1

[Event "Transnational Rapid"]
[Site "Toronto CAN"]
[Date "2023.06.03"]
[Round "3.7"]
[White "Bareev, Evgeny"]
[Black "Sai, KG."]
[Result "1-0"]
[WhiteElo "2631"]
[BlackElo "2376"]
[PlyCount "79"]
[EventDate "2023.06.03"]
[EventType "swiss (rapid)"]
[EventRounds "11"]
[EventCountry "CAN"]
[Source "Mark Crowther"]
[SourceDate "2023.06.12"]

1. d4 Nf6 2. c4 g6 3. Nc3 Bg7 4. e4 d6 5. h3 O-O 6. Bg5 c5 7. d5 b5 8. cxb5 a6
9. a4 Qa5 10. Bd2 axb5 11. Bxb5 Ba6 12. Nge2 Qb4 13. f3 c4 14. O-O Qxb2 15. Be3
Nfd7 16. Rb1 Qa3 17. Qc2 Nc5 18. Bc1 Qb3 19. Rxb3 cxb3 20. Qb1 Nbd7 21. Bxd7
Nxd7 22. Qxb3 Nc5 23. Qd1 Bxc3 24. Nxc3 Bxf1 25. Kxf1 Rfb8 26. Be3 Nb3 27. Kg1
Rb4 28. Kh2 Rc8 29. Nb5 Nc5 30. Na7 Ra8 31. Nc6 Rbxa4 32. Bxc5 dxc5 33. Qc1 c4
34. Nxe7+ Kf8 35. d6 R8a6 36. e5 Ke8 37. Nd5 Kd7 38. Qf4 c3 39. Qxf7+ Kc6 40.
Nxc3 1-0

[Event "Transnational Rapid"]
[Site "Toronto CAN"]
[Date "2023.06.04"]
[Round "4.2"]
[White "Liang, Awonder"]
[Black "Bruzon Batista, L."]
[Result "0-1"]
[WhiteElo "2651"]
[BlackElo "2617"]
[PlyCount "113"]
[EventDate "2023.06.03"]
[EventType "swiss (rapid)"]
[EventRounds "11"]
[EventCountry "CAN"]
[Source "Mark Crowther"]
[SourceDate "2023.06.12"]

1. d4 Nf6 2. c4 e6 3. Bf4 d5 4. cxd5 Nxd5 5. Bg3 c5 6. e4 Nf6 7. Nd2 Qxd4 8.
Ngf3 Qd8 9. e5 Nd5 10. Bc4 Be7 11. O-O Bd7 12. Qe2 Bc6 13. Rad1 Nd7 14. Ne4 O-O
15. h4 Re8 16. Rfe1 a6 17. a3 h6 18. Ba2 Rc8 19. Bb1 Ba4 20. Rc1 Nf8 21. Nd6
Bxd6 22. exd6 Nf6 23. Ne5 Qb6 24. h5 Bb5 25. Qf3 Bc6 26. Nc4 Qd8 27. Qe2 N6d7
28. Red1 Qg5 29. Na5 Bb5 30. Qf3 b6 31. Nc4 Bc6 32. Qe2 e5 33. Ne3 Ne6 34. Qxa6
Nd4 35. Qd3 Nf6 36. Nc4 Qxh5 37. Re1 Nf3+ 38. gxf3 Bxf3 39. Qxf3 Qxf3 40. Nxe5
Qb3 41. Bf5 Rcd8 42. Nc6 Qxb2 43. Nxd8 Rxd8 44. Rb1 Qxa3 45. Rxb6 c4 46. Reb1
g6 47. Rb8 Rxb8 48. Rxb8+ Kg7 49. d7 Nxd7 50. Bxd7 Qe7 51. Ba4 h5 52. Rb5 h4
53. Be5+ Kh7 54. Rd5 Qe6 55. Rc5 Qg4+ 56. Kh2 Qf3 57. Kg1 0-1

[Event "Transnational Rapid"]
[Site "Toronto CAN"]
[Date "2023.06.04"]
[Round "4.3"]
[White "Bareev, Evgeny"]
[Black "Matviishen, Viktor"]
[Result "0-1"]
[WhiteElo "2631"]
[BlackElo "2538"]
[PlyCount "116"]
[EventDate "2023.06.03"]
[EventType "swiss (rapid)"]
[EventRounds "11"]
[EventCountry "CAN"]
[Source "Mark Crowther"]
[SourceDate "2023.06.12"]

1. d4 d5 2. c4 c6 3. Nf3 Nf6 4. Qc2 dxc4 5. Qxc4 Bf5 6. g3 e6 7. Bg2 Nbd7 8.
O-O Be7 9. e3 O-O 10. Qe2 h6 11. Nc3 Ne4 12. Nd2 Nxd2 13. Bxd2 e5 14. d5 Nf6
15. e4 Bg4 16. f3 Bd7 17. dxc6 Bxc6 18. Be3 Qa5 19. a3 Bc5 20. b4 Bxe3+ 21.
Qxe3 Qb6 22. Qxb6 axb6 23. Kf2 Rfd8 24. Ke3 Rd4 25. Rfc1 Ne8 26. Bf1 Nd6 27.
Ne2 Rc4 28. Nc3 Rd4 29. Ne2 Rc4 30. Rd1 Nb5 31. a4 Nc7 32. b5 Be8 33. Rdc1 Rxc1
34. Rxc1 Ne6 35. Nc3 Rc8 36. Bh3 Bd7 37. Kd2 Rc4 38. Bf1 Rd4+ 39. Ke3 Nc5 40.
Nd5 Nxa4 41. Rc7 Be6 42. Rxb7 Bxd5 43. exd5 Nc3 44. d6 Nd1+ 45. Ke2 Rxd6 46.
Rc7 Kf8 47. Rc2 Ke7 48. Bh3 g6 49. Bc8 f5 50. h4 f4 51. gxf4 exf4 52. Rc4 g5
53. hxg5 hxg5 54. Bf5 Ne3 55. Rc7+ Kf6 56. Be4 Ke5 57. Rg7 g4 58. Rg5+ Kd4 0-1

[Event "Transnational Rapid"]
[Site "Toronto CAN"]
[Date "2023.06.04"]
[Round "4.4"]
[White "Almeida Quintana, O."]
[Black "Bartel, Mat"]
[Result "0-1"]
[WhiteElo "2520"]
[BlackElo "2609"]
[PlyCount "33"]
[EventDate "2023.06.03"]
[EventType "swiss (rapid)"]
[EventRounds "11"]
[EventCountry "CAN"]
[Source "Mark Crowther"]
[SourceDate "2023.06.12"]

1. d4 d5 2. Nf3 Nf6 3. c4 c6 4. Nc3 dxc4 5. a4 Bf5 6. Nh4 Bc8 7. e3 e5 8. Bxc4
e4 9. f3 g5 10. fxe4 gxh4 11. O-O Be6 12. Bxe6 fxe6 13. Qb3 Qe7 14. Rxf6 Qxf6
15. Qxb7 Be7 16. Qxa8 O-O 17. Bd2 0-1

[Event "Transnational Rapid"]
[Site "Toronto CAN"]
[Date "2023.06.04"]
[Round "4.6"]
[White "Sambuev, Bator"]
[Black "Meshkovs, Nikita"]
[Result "1/2-1/2"]
[WhiteElo "2448"]
[BlackElo "2573"]
[PlyCount "116"]
[EventDate "2023.06.03"]
[EventType "swiss (rapid)"]
[EventRounds "11"]
[EventCountry "CAN"]
[Source "Mark Crowther"]
[SourceDate "2023.06.12"]

1. d4 Nf6 2. c4 e6 3. Nc3 Bb4 4. e3 b6 5. Bd3 Bb7 6. Nh3 O-O 7. O-O d5 8. cxd5
exd5 9. Bd2 Re8 10. f3 c5 11. a3 Bxc3 12. bxc3 Ba6 13. Bxa6 Nxa6 14. Qe2 Nc7
15. Be1 Qd7 16. Bh4 Qb5 17. Qd2 Qc6 18. Rae1 Nb5 19. Nf4 Nd7 20. dxc5 Nc7 21.
Rd1 Nxc5 22. Rfe1 Qa4 23. Qd4 Rac8 24. Qb4 Qc6 25. Bg3 a5 26. Qd4 Nb5 27. Qxd5
Nxc3 28. Qxc6 Rxc6 29. Rd2 h6 30. Nd5 Nb5 31. Rc1 Rce6 32. Rb2 Nxa3 33. Rxb6
Rxb6 34. Nxb6 Na6 35. e4 Nb4 36. Rc5 Re6 37. Rxa5 Rxb6 38. Rxa3 Nc2 39. Rd3
Rb1+ 40. Kf2 f6 41. h4 Kf7 42. Rd7+ Kg8 43. Bf4 h5 44. Rd5 Rb2 45. Rd2 Nb4 46.
Rxb2 Nd3+ 47. Ke3 Nxb2 48. Kd4 Kf7 49. Bd6 Ke6 50. Ba3 Na4 51. Bf8 g6 52. Bc5
Nb2 53. Bb4 g5 54. Be1 Na4 55. Ba5 gxh4 56. Be1 h3 57. gxh3 Nb6 58. Bg3 Nd7
1/2-1/2

[Event "Transnational Rapid"]
[Site "Toronto CAN"]
[Date "2023.06.04"]
[Round "4.7"]
[White "Neiksans, A."]
[Black "Kantans, T."]
[Result "1/2-1/2"]
[WhiteElo "2605"]
[BlackElo "2486"]
[PlyCount "212"]
[EventDate "2023.06.03"]
[EventType "swiss (rapid)"]
[EventRounds "11"]
[EventCountry "CAN"]
[Source "Mark Crowther"]
[SourceDate "2023.06.12"]

1. e4 c5 2. Nf3 d6 3. Bb5+ Nd7 4. Ba4 Rb8 5. c4 e5 6. d3 Ne7 7. h4 Nc6 8. h5 h6
9. Nh4 Nf6 10. Nc3 Be7 11. Qf3 Bd7 12. Bxc6 bxc6 13. Nf5 Bxf5 14. Qxf5 Qd7 15.
Qf3 Nh7 16. b3 Bg5 17. Bb2 O-O 18. Qf5 Qe6 19. g3 Rbe8 20. Kf1 g6 21. Qxe6 Rxe6
22. Kg2 f5 23. hxg6 Rxg6 24. exf5 Rxf5 25. Ne4 Be7 26. Bc1 h5 27. Bd2 h4 28.
Rh3 d5 29. Nc3 hxg3 30. Rxg3 Rxg3+ 31. fxg3 Nf6 32. Rf1 Rxf1 33. Kxf1 Kf7 34.
Bg5 d4 35. Bxf6 dxc3 36. Bxe5 c2 37. Bf4 Bf6 38. Bc1 Ke6 39. Ke2 Bc3 40. d4
cxd4 41. Kd3 Kf5 42. Kxc2 Be1 43. Kd3 Bxg3 44. Kxd4 Bd6 45. Be3 Ke6 46. Ke4 a6
47. Bf4 Bc5 48. Bb8 Bf2 49. Kd3 Kd7 50. Be5 Bg1 51. Bd4 Bh2 52. Bc5 Be5 53. Bd4
Bg3 54. Kc2 Be1 55. Kb2 Bd2 56. Ka3 Kc7 57. Ka4 Kb7 58. Bc5 Be1 59. Bb4 Bf2 60.
Ba5 Bc5 61. Bb4 Be3 62. Ka3 Bc1+ 63. Ka4 Be3 64. Bd6 Bd2 65. b4 Be1 66. Kb3 Bd2
67. Kc2 Be1 68. Kd3 Kc8 69. Bc5 Kd7 70. Ke4 Ke6 71. a3 Bd2 72. Kd3 Bc1 73. Be3
Bb2 74. Kc2 Be5 75. Bc5 Kd7 76. Kd3 Bb2 77. Be3 Be5 78. Bc1 Bg3 79. Ke4 Bf2 80.
Kf5 Bd4 81. Bd2 Bb2 82. a4 Bd4 83. Ke4 Bf6 84. Be3 Bc3 85. Bc5 Ke6 86. a5 Kd7
87. Kf5 Bd2 88. Ke4 Be1 89. Kd3 Kc8 90. Kd4 Bd2 91. Bf8 Kd7 92. Bc5 Kc8 93. Ke5
Kd7 94. Ke4 Be1 95. Kd3 Kc8 96. Kc2 Kd7 97. Kb3 Kc8 98. Bd4 Bd2 99. Bc3 Be3
100. Kc2 Bf2 101. Kd3 Kd7 102. Ke4 Bg3 103. Bd2 Bf2 104. Bh6 Be1 105. Bf8 Bc3
106. Bc5 Be1 1/2-1/2